<?xml version="1.0" encoding="UTF-8"?><?xml-stylesheet type="text/xsl" href="static/style.xsl"?><OAI-PMH xmlns="http://www.openarchives.org/OAI/2.0/" xmlns:xsi="http://www.w3.org/2001/XMLSchema-instance" xsi:schemaLocation="http://www.openarchives.org/OAI/2.0/ http://www.openarchives.org/OAI/2.0/OAI-PMH.xsd"><responseDate>2026-04-30T22:51:42Z</responseDate><request verb="GetRecord" identifier="oai:repisalud.isciii.es:20.500.12105/25192" metadataPrefix="marc">https://repisalud.isciii.es/rest/oai/request</request><GetRecord><record><header><identifier>oai:repisalud.isciii.es:20.500.12105/25192</identifier><datestamp>2025-12-18T13:00:38Z</datestamp><setSpec>com_20.500.12105_15322</setSpec><setSpec>com_20.500.12105_2051</setSpec><setSpec>com_20.500.12105_2052</setSpec><setSpec>col_20.500.12105_16967</setSpec><setSpec>col_20.500.12105_16981</setSpec><setSpec>col_20.500.12105_16982</setSpec><setSpec>col_20.500.12105_16986</setSpec><setSpec>col_20.500.12105_19618</setSpec></header><metadata><record xmlns="http://www.loc.gov/MARC21/slim" xmlns:dcterms="http://purl.org/dc/terms/" xmlns:doc="http://www.lyncode.com/xoai" xmlns:xsi="http://www.w3.org/2001/XMLSchema-instance" xsi:schemaLocation="http://www.loc.gov/MARC21/slim http://www.loc.gov/standards/marcxml/schema/MARC21slim.xsd">
   <leader>00925njm 22002777a 4500</leader>
   <datafield ind2=" " ind1=" " tag="042">
      <subfield code="a">dc</subfield>
   </datafield>
   <datafield ind2=" " ind1=" " tag="720">
      <subfield code="a">Albornos-Muñoz, Laura</subfield>
      <subfield code="e">author</subfield>
   </datafield>
   <datafield ind2=" " ind1=" " tag="720">
      <subfield code="a">Blanco-Blanco, Joan</subfield>
      <subfield code="e">author</subfield>
   </datafield>
   <datafield ind2=" " ind1=" " tag="720">
      <subfield code="a">Cidoncha-Moreno, María Ángeles</subfield>
      <subfield code="e">author</subfield>
   </datafield>
   <datafield ind2=" " ind1=" " tag="720">
      <subfield code="a">Abad-Corpa, Eva</subfield>
      <subfield code="e">author</subfield>
   </datafield>
   <datafield ind2=" " ind1=" " tag="720">
      <subfield code="a">Rivera-Álvarez, Araceli</subfield>
      <subfield code="e">author</subfield>
   </datafield>
   <datafield ind2=" " ind1=" " tag="720">
      <subfield code="a">López-Pisa, Rosa María</subfield>
      <subfield code="e">author</subfield>
   </datafield>
   <datafield ind2=" " ind1=" " tag="720">
      <subfield code="a">Caperos, José-Manuel</subfield>
      <subfield code="e">author</subfield>
   </datafield>
   <datafield ind2=" " ind1=" " tag="720">
      <subfield code="a">Otago Project Working Group Consortium</subfield>
      <subfield code="e">author</subfield>
   </datafield>
   <datafield ind2=" " ind1=" " tag="720">
      <subfield code="a">Moreno-Casbas, Teresa</subfield>
      <subfield code="e">author</subfield>
   </datafield>
   <datafield ind2=" " ind1=" " tag="720">
      <subfield code="a">Rich-Ruiz, Manuel</subfield>
      <subfield code="e">author</subfield>
   </datafield>
   <datafield ind2=" " ind1=" " tag="720">
      <subfield code="a">Rodriguez Baz</subfield>
      <subfield code="e">author</subfield>
   </datafield>
   <datafield ind2=" " ind1=" " tag="260">
      <subfield code="c">2024-10-01</subfield>
   </datafield>
   <datafield ind2=" " ind1=" " tag="520">
      <subfield code="a">Background: The Otago Exercise Programme is an effective intervention for falls prevention. However, there is limited evidence in relation to studies that compare efficacy for falls prevention when delivered Otago Exercise Programme in a group or individual format in a primary care context. Objective: To compare the Otago Exercise Programme delivered as a group vs. individual format for community dwelling older adults, over a one year period. The hypothesis was that neither format would be inferior to the other. Methods: DESIGN: A four-year multicentre, randomized, non-inferiority clinical trial, with two arms- Otago Exercise Programme group training and individual Otago exercise training. Setting(s): 21 primary healthcare centers. Participants: A sample size of 728 participants was established. Participants were aged between 65 and 80 years; living in the community; able to walk independently; and agreed to take part in the study and provided signed informed consent. Intervention: The Otago Exercise Programme was delivered mainly by nurses in primary care, with five face to face sessions, and a reinforcement 6 months later. Participants were encouraged to exercise at home between face to face sessions. Data collection: at baseline and after 6 and 12 months from October 2017 to 2020. Primary outcome: people who reported at least one fall. Secondary outcomes: number of falls, cause of falls, consequences and assistance, adherence and satisfaction. Group allocation was blinded to the researchers involved in analysis. Reporting: Consolidated Standards of Reporting Trials recommendations for the Statement for Randomized Trials of Nonpharmacologic Treatments. Results: Eight hundred twenty-seven participants were randomized (226 were allocated in group training and 272 in individual training). The analysis of the proportion of people who reported at least one fall and number of falls showed no differences between individual and group training. Assessment of the equivalence between the interventions at 12 months showed that the confidence interval for the difference of people who reported at least one fall was found to be within the equivalence limit of 10% considered. However, in those participants with a previous history of falls, group format showed potentially greater benefit. The participants in individual training presented higher scores on the Exercise Adherence Rating Scale test. No differences were found in satisfaction between the groups. Conclusions: The group Otago Exercise Programme is equivalent to individually delivered Otago Exercise Programme in terms of prevention of falls over a 12-month follow up. Adherence was higher in individual training. Implications: Healthcare professionals could offer either Otago Exercise Programme format dependent on patient preference and be confident that that standardized intervention provides patient benefit. Trial registration: ClinicalTrials.gov (NCT03320668). Data registration 31/10/2017.</subfield>
   </datafield>
   <datafield ind1="8" ind2=" " tag="024">
      <subfield code="a">BMC Nurs. 2024 Oct 1;23(1):705.</subfield>
   </datafield>
   <datafield ind1="8" ind2=" " tag="024">
      <subfield code="a">10.1186/s12912-024-02310-3</subfield>
   </datafield>
   <datafield ind1="8" ind2=" " tag="024">
      <subfield code="a">1472-6955</subfield>
   </datafield>
   <datafield ind1="8" ind2=" " tag="024">
      <subfield code="a">BioMed Central nursing</subfield>
   </datafield>
   <datafield ind1="8" ind2=" " tag="024">
      <subfield code="a">39354514</subfield>
   </datafield>
   <datafield ind1="8" ind2=" " tag="024">
      <subfield code="a">https://hdl.handle.net/20.500.12105/25192</subfield>
   </datafield>
   <datafield tag="653" ind2=" " ind1=" ">
      <subfield code="a">Accidental Falls</subfield>
   </datafield>
   <datafield tag="653" ind2=" " ind1=" ">
      <subfield code="a">Clinical Trial</subfield>
   </datafield>
   <datafield tag="653" ind2=" " ind1=" ">
      <subfield code="a">Exercise Therapy</subfield>
   </datafield>
   <datafield tag="653" ind2=" " ind1=" ">
      <subfield code="a">Otago Exercise Programme</subfield>
   </datafield>
   <datafield tag="653" ind2=" " ind1=" ">
      <subfield code="a">Primary Care</subfield>
   </datafield>
   <datafield ind2="0" ind1="0" tag="245">
      <subfield code="a">Efficacy of the Otago-Exercise-Programme to reduce falls in community-dwelling adults aged 65-80 when delivered as group or individual training: Non-inferiority-clinical-trial</subfield>
   </datafield>
</record></metadata></record></GetRecord></OAI-PMH>